| 000 | 00687cam a2200265ua 4500 | ||
|---|---|---|---|
| 020 | _c100 (PB) | ||
| 041 |
_aeng _h |
||
| 082 |
_a630.301 _bPRA/AG |
||
| 100 |
_aPramila , Kumar . _95874 |
||
| 245 | _aAgricultural changes in urban fringe | ||
| 250 |
_a1 / _b. |
||
| 260 |
_a : _bRajesh Publications , _c1980. |
||
| 300 | _a197 ; . | ||
| 365 | _a100 | ||
| 504 | _a | ||
| 650 |
_aAssessment of urbanisation _95875 |
||
| 650 |
_aChanging characters of Bhopal _95876 |
||
| 650 |
_aEconomic Factors of Agricultural innovations _95877 |
||
| 650 |
_aResearch Scheme _95878 |
||
| 650 |
_aRural Urban Fringe _95879 |
||
| 942 | _cBK | ||
| 999 |
_c11 _d11 |
||
| 003 | @ | ||
| 003 | OSt | ||